00559nam a22001697a 450000500170000001000150001702000260003203500140005803700090007208200110008124501280009226000430022027000640026330000200032770000190034770000230036620250317170520.0 aENG-144112 a9788119798186c895.00 aEN-127644 bDBAD a954.16 aDelhi 2023:bChanging Democracy Transforming Polity:/cEdited By Sunil K Choudhary; Mahesh Kaushik [and] Abhay Prasad Singh aNew DelhibHar Anand Publicationc2024 aE-49/3, Okhla Industrial Area, Phase-II,bNew Delhie110020 a256p.c22cm(HB) aMahesh Kaushik aAbhay Prasad Singh